[Event "Let's Play Chess!"]
[Site "http://www.queenalice.com/game.php?id=61233"]
[Date "2006.4.5"]
[Round "-"]
[White "masterelmeri"]
[Black "NextFuture"]
[Result "0-1"]
[WhiteElo "1800"]
[BlackElo "2019"]

1. Nf3 d5 2. c4 d4 3. b4 a5 4. b5 Bg4 5. Ne5 Bf5 6. Bb2 f6 7. Nf3 e5 8. h3 Bc5
9. g4 Be6 10. d3 Bb4+ 11. Nbd2 Nd7 12. Bg2 Qe7 13. a3 Bd6 14. O-O Nc5 15. Qc2 h5
0-1

[Event "Let's Play Chess!"]
[Site "http://www.queenalice.com/game.php?id=61234"]
[Date "2006.4.5"]
[Round "-"]
[White "charles31"]
[Black "masterelmeri"]
[Result "0-1"]
[WhiteElo "1150"]
[BlackElo "1811"]

1. e4 e5 2. d4 exd4 3. Qxd4 Nc6 4. Qc3 Bb4 5. Qxb4 Nxb4 6. Bd3 d5 7. Ke2 dxe4 8.
Bxe4 Nf6 9. Bd3 O-O 10. Bg5 Re8+ 11. Be3 Bg4+ 12. Nf3 Nfd5 13. Nd2 Nf4+ 14. Kf1
Nfxd3 15. Rd1 Nxc2 16. h3 Nxe3+ 17. fxe3 Bxf3 18. gxf3 Qh4 19. Rh2 Rxe3 20. b3
Re1+ 21. Rxe1 Qxe1+ 22. Kg2 Nf4# 0-1

[Event "Let's Play Chess!"]
[Site "http://www.queenalice.com/game.php?id=61235"]
[Date "2006.4.5"]
[Round "-"]
[White "charles31"]
[Black "masterelmeri"]
[Result "0-1"]
[WhiteElo "1150"]
[BlackElo "1809"]

1. e4 e6 2. d4 d5 3. e5 c5 4. Nf3 Nc6 5. Be3 Qb6 6. b3 Bd7 7. Qd3 Nb4 8. Qd2 Rc8
9. c3 Na6 10. dxc5 Bxc5 11. Bxa6 Bxe3 12. fxe3 Qxa6 13. Qd4 Ne7 14. Rf1 Nf5 15.
Qg4 Nxe3 16. Qxg7 Qxf1+ 17. Kd2 Qf2+ 18. Kc1 Qc2# 0-1

[Event "Let's Play Chess!"]
[Site "http://www.queenalice.com/game.php?id=61473"]
[Date "2006.4.5"]
[Round "-"]
[White "NextFuture"]
[Black "masterelmeri"]
[Result "1-0"]
[WhiteElo "2011"]
[BlackElo "1808"]

1. e4 Nf6 2. e5 Nd5 3. Nc3 Nxc3 4. dxc3 g6 5. Nf3 Bg7 6. Bc4 O-O 7. Bf4 d6 8.
Qe2 Nc6 9. O-O-O Bd7 10. h4 b5 11. Bxb5 a6 12. Bc4 Qc8 13. h5 Be6 14. hxg6 fxg6
15. exd6 1-0

[Event "Let's Play Chess!"]
[Site "http://www.queenalice.com/game.php?id=61474"]
[Date "2006.4.5"]
[Round "-"]
[White "Rafale2000"]
[Black "masterelmeri"]
[Result "1-0"]
[WhiteElo "1816"]
[BlackElo "1825"]

1. e4 e5 2. Nf3 Nc6 3. d4 exd4 4. Bc4 Nf6 5. O-O Nxe4 6. Re1 d5 7. Bxd5 Qxd5 8.
Nc3 Qa5 9. Nxe4 Be7 10. Bg5 f6 11. Bh4 O-O 12. Nxd4 Nxd4 13. Qxd4 Bf5 14. Ng3
Bc5 15. Qc4+ Kh8 16. Nxf5 Bxf2+ 17. Bxf2 Qxf5 18. Rad1 a5 19. Rd5 1-0

[Event "Let's Play Chess!"]
[Site "http://www.queenalice.com/game.php?id=62298"]
[Date "2006.4.10"]
[Round "-"]
[White "masterelmeri"]
[Black "li2carpio"]
[Result "1-0"]
[WhiteElo "1793"]
[BlackElo "1891"]

1. d4 Nf6 2. c4 c6 3. Nc3 d5 4. Nf3 e6 5. Bg5 h6 6. Bxf6 Qxf6 7. e3 Bb4 8. Qb3
Bd6 9. Rc1 Nd7 10. Be2 O-O 11. O-O a6 12. c5 Bc7 13. Rfd1 e5 14. dxe5 Nxe5 15.
e4 Nxf3+ 16. Bxf3 Rd8 17. exd5 cxd5 18. Nxd5 Qe5 19. Nxc7 Qxc7 20. Rxd8+ Qxd8
21. Rd1 Qe7 22. Qb6 Bf5 23. Bxb7 Rb8 24. c6 Re8 25. h3 Qg5 26. c7 Bxh3 27. Rd8
Rxd8 28. cxd8=Q+ 1-0

[Event "Let's Play Chess!"]
[Site "http://www.queenalice.com/game.php?id=62299"]
[Date "2006.4.10"]
[Round "-"]
[White "brunoparadisi"]
[Black "masterelmeri"]
[Result "0-1"]
[WhiteElo "1718"]
[BlackElo "1813"]

1. e4 d5 2. exd5 Nf6 3. c4 e6 4. dxe6 Bxe6 5. d4 Bb4+ 6. Bd2 Qe7 7. d5 Bxd5+ 8.
Qe2 Bxd2+ 9. Nxd2 Qxe2+ 10. Nxe2 Bc6 11. Nd4 O-O 12. N2f3 Re8+ 13. Be2 Bxf3 14.
Nxf3 Nbd7 15. Kf1 Ne5 16. Nd4 c6 17. f3 Rad8 18. Rd1 c5 19. Nf5 Rxd1+ 20. Bxd1
Nxc4 21. b3 Ne5 22. g4 Nd5 23. a4 g6 24. Nd6 Re6 25. Nxb7 Nd3 26. Kg2 Rb6 27.
Na5 Ne3+ 28. Kg3 f5 29. Be2 f4+ 30. Kh4 Nf2 31. Rg1 g5+ 32. Kh5 Nh3 33. Rc1 Kg7
34. Rxc5 Rh6# 0-1

[Event "Let's Play Chess!"]
[Site "http://www.queenalice.com/game.php?id=83158"]
[Date "2006.7.7"]
[Round "-"]
[White "ak_9105"]
[Black "masterelmeri"]
[Result "0-1"]
[WhiteElo "1809"]
[BlackElo "1827"]

1. e4 Nf6 2. e5 Nd5 3. d4 d6 4. c4 Nb6 5. f4 dxe5 6. fxe5 Nc6 7. Nf3 Bg4 8. c5
Nd5 9. Nc3 Bxf3 10. Qxf3 Ndb4 11. Be3 Nc2+ 12. Kf2 Nxa1 13. Bc4 e6 14. Rf1 Qh4+
15. Kg1 O-O-O 16. Qxf7 Nxd4 17. g3 Nf3+ 18. Qxf3 Qxc4 19. Rxa1 Bxc5 20. Kh1 Rhf8
0-1

[Event "Let's Play Chess!"]
[Site "http://www.queenalice.com/game.php?id=83161"]
[Date "2006.7.7"]
[Round "-"]
[White "masterelmeri"]
[Black "ak_9105"]
[Result "1-0"]
[WhiteElo "1842"]
[BlackElo "1787"]

1. e4 e5 2. f4 exf4 3. Nf3 d5 4. exd5 Qxd5 5. Nc3 Qd8 6. d4 Bg4 7. Bb5+ c6 8.
Be2 Bxf3 9. Bxf3 Qh4+ 10. Kf1 Nd7 11. d5 Bc5 12. Qe2+ Qe7 13. dxc6 bxc6 14. Bxc6
Qxe2+ 15. Kxe2 O-O-O 16. Bxf4 Ngf6 17. b4 Rhe8+ 18. Kf3 Bxb4 19. Rab1 Nh5 20.
Rxb4 Nxf4 21. Bb7+ Kc7 22. Kxf4 Rb8 23. Rhb1 g5+ 24. Kxg5 Re5+ 25. Kf4 1-0

[Event "Let's Play Chess!"]
[Site "http://www.queenalice.com/game.php?id=83616"]
[Date "2006.7.8"]
[Round "-"]
[White "masterelmeri"]
[Black "centroid"]
[Result "1-0"]
[WhiteElo "1856"]
[BlackElo "1821"]

1. e4 c5 2. Nf3 Nc6 3. Bb5 e6 4. O-O Nf6 5. Re1 d5 6. exd5 Nxd5 7. d4 Bd6 8. c4
Nc7 9. Bxc6+ bxc6 10. Nc3 cxd4 11. Nxd4 Qd7 12. Nf5 Be7 13. Nxg7+ Kd8 14. Qg4
Ne8 15. Rd1 Bd6 16. c5 f5 17. Bg5+ Kc7 18. Nxe8+ Qxe8 19. cxd6+ Kd7 20. Na4 c5
21. Nxc5+ 1-0

[Event "Let's Play Chess!"]
[Site "http://www.queenalice.com/game.php?id=83618"]
[Date "2006.7.7"]
[Round "-"]
[White "Reddaz"]
[Black "masterelmeri"]
[Result "0-1"]
[WhiteElo "1926"]
[BlackElo "1904"]

1. e4 e5 2. Nf3 Nc6 3. Bb5 a6 4. Bxc6 dxc6 5. O-O Bg4 6. h3 h5 7. d3 Qf6 8. Nbd2
Ne7 9. Re1 Be6 10. Nb3 Bxb3 11. axb3 Ng6 0-1

[Event "Challenge"]
[Site "http://www.queenalice.com/game.php?id=84836"]
[Date "2006.7.11"]
[Round "-"]
[White "pierj"]
[Black "masterelmeri"]
[Result "0-1"]
[WhiteElo "1420"]
[BlackElo "1825"]

1. e4 e5 2. Nf3 Nc6 3. Bb5 a6 4. Bxc6 dxc6 5. d4 exd4 6. b4 Bxb4+ 7. c3 dxc3 8.
Qxd8+ Kxd8 9. O-O c2 10. Nbd2 Bc3 11. Rb1 cxb1=Q 12. Ba3 Qxa2 13. Bc5 Nf6 14. h3
Bxd2 15. Rd1 Nxe4 16. Ne5 Be6 17. Bb4 Qc2 18. Rxd2+ Qxd2 19. Bxd2 Nxd2 20. f4
Ke7 21. g4 Bd5 22. h4 Nf3+ 23. Nxf3 Bxf3 24. g5 a5 25. Kf2 a4 26. Kxf3 a3 0-1

[Event "Let's Play Chess!"]
[Site "http://www.queenalice.com/game.php?id=84936"]
[Date "2006.7.11"]
[Round "-"]
[White "masterelmeri"]
[Black "eliasdiniz"]
[Result "0-1"]
[WhiteElo "1963"]
[BlackElo "1860"]

1. d4 f5 2. e4 fxe4 3. Nc3 Nf6 4. Bg5 e6 5. Bxf6 Qxf6 6. Nxe4 Qf5 7. Bd3 Qd5 8.
Nf3 Nc6 9. c3 b6 10. Nfg5 Be7 11. h4 Bb7 12. Qh5+ g6 13. Qh6 O-O-O 14. Nf7 Rdf8
15. Nxh8 Rxh8 16. Qe3 e5 17. h5 g5 18. h6 exd4 19. cxd4 Nxd4 20. Rc1 Bb4+ 21.
Kf1 Nf5 22. Qe2 Re8 23. f3 Ng3+ 24. Nxg3 Rxe2 25. Bxe2 Qxa2 26. Rh5 Qxb2 27. Rd1
Qe5 28. Ne4 Bxe4 29. fxe4 Qxe4 30. Bf3 Qc4+ 31. Be2 Qf4+ 32. Bf3 c6 33. Kg1 Kc7
34. Rf1 Bc5+ 35. Kh1 g4 36. Be2 Bf2 37. Rh2 g3 38. Rh5 Qe3 39. Bf3 a5 0-1

[Event "Let's Play Chess!"]
[Site "http://www.queenalice.com/game.php?id=84938"]
[Date "2006.7.11"]
[Round "-"]
[White "eliasdiniz"]
[Black "masterelmeri"]
[Result "1/2-1/2"]
[WhiteElo "1871"]
[BlackElo "1905"]

1. f4 e5 2. e4 d5 3. exd5 exf4 4. Nf3 Nf6 5. c4 c6 6. dxc6 Nxc6 7. d4 Bb4+ 8.
Nc3 O-O 9. Bxf4 Ne4 10. Rc1 Re8 11. Be2 Qf6 12. Be5 Rxe5 13. dxe5 Nxe5 14. O-O
Nxf3+ 15. Rxf3 Qb6+ 16. Kf1 Bxc3 17. bxc3 Be6 18. Bd3 Rd8 19. Qe2 Nd6 20. Rg3
Qc5 21. Rb1 Nxc4 22. Rxb7 Ne5 23. Bxh7+ Kxh7 24. Qh5+ Kg8 25. Rxg7+ Kxg7 26.
Qg5+ Kh7 27. Qh5+ 1/2-1/2

[Event "Let's Play Chess!"]
[Site "http://www.queenalice.com/game.php?id=86131"]
[Date "2006.7.15"]
[Round "-"]
[White "masterelmeri"]
[Black "diegmr"]
[Result "1-0"]
[WhiteElo "1877"]
[BlackElo "1490"]

1. d4 d5 2. c4 c6 3. Nc3 Nf6 4. Nf3 Bf5 5. cxd5 cxd5 6. Qb3 e6 7. Qxb7 Nbd7 8.
Bf4 Be7 9. e3 O-O 10. Be2 Nb6 11. Rc1 Bd6 12. Bxd6 Qxd6 13. O-O Rfb8 14. Qa6 Ng4
15. h3 Nf6 16. Nb5 Qd7 17. Nc7 Rc8 18. Nxa8 Rxc1 19. Rxc1 Qa4 20. Qxa4 Nxa4 21.
Rc8+ 1-0

[Event "Let's Play Chess!"]
[Site "http://www.queenalice.com/game.php?id=86132"]
[Date "2006.7.15"]
[Round "-"]
[White "diegmr"]
[Black "masterelmeri"]
[Result "0-1"]
[WhiteElo "1600"]
[BlackElo "1921"]

1. d4 e5 2. c3 e4 3. Nd2 Nf6 4. e3 d5 5. c4 Bg4 6. Ne2 Bb4 7. h3 Bh5 8. a3 Bxd2+
9. Qxd2 dxc4 10. Nf4 b5 11. Qb4 c6 12. Nxh5 Nxh5 13. Be2 Nf6 14. O-O Na6 15. Qd2
Nc7 16. f3 Qe7 17. Rd1 O-O 18. Qc3 Rfc8 19. b3 Ncd5 20. Qc2 exf3 21. Bxf3 cxb3
22. Qxb3 Ne4 23. Bxe4 Qxe4 24. Rf1 a5 25. Rf4 Nxf4 26. exf4 Qxd4+ 27. Be3 Qxa1+
28. Kh2 b4 29. axb4 a4 30. Qc4 a3 31. Bd4 Qxd4 32. Qxd4 a2 33. Qa1 Ra3 34. g3
Rca8 35. Kg2 Rb3 36. Kf2 Rb1 0-1

[Event "Let's Play Chess!"]
[Site "http://www.queenalice.com/game.php?id=86140"]
[Date "2006.7.15"]
[Round "-"]
[White "cislau"]
[Black "masterelmeri"]
[Result "0-1"]
[WhiteElo "1615"]
[BlackElo "1871"]

1. e4 e6 2. d4 d5 3. e5 c5 4. c3 Nc6 5. f4 h5 6. Na3 cxd4 7. cxd4 Bxa3 8. bxa3
Qa5+ 9. Qd2 Qxd2+ 10. Bxd2 Nxd4 11. O-O-O Nh6 12. Bb4 Nhf5 13. Bd3 a5 14. Bxa5
Rxa5 15. Bxf5 Nxf5 16. Ne2 Rxa3 17. Kb2 Ra4 18. Nc3 Rxf4 19. g3 Rb4+ 20. Ka3 Rb6
21. Na4 Ra6 22. Rc1 Bd7 23. Kb2 Rxa4 24. Rc3 O-O 25. Kb3 Rfa8 26. Rhc1 Nd4+ 27.
Kb2 Rxa2+ 28. Kb1 Ra1+ 29. Kb2 R8a2# 0-1

[Event "Let's Play Chess!"]
[Site "http://www.queenalice.com/game.php?id=86141"]
[Date "2006.7.15"]
[Round "-"]
[White "masterelmeri"]
[Black "centroid"]
[Result "1-0"]
[WhiteElo "1892"]
[BlackElo "1820"]

1. e4 e5 2. Nf3 Nc6 3. Bb5 a6 4. Ba4 Nf6 5. O-O Be7 6. Re1 b5 7. Bb3 O-O 8. c3
d6 9. h3 Na5 10. Bc2 c5 11. a4 Bb7 12. d3 h6 13. Nbd2 Qc7 14. Nf1 b4 15. cxb4
cxb4 16. Bd2 Nc6 17. Ne3 a5 18. Nf5 Nd8 19. d4 d5 20. dxe5 Nxe4 21. Bf4 f6 22.
exf6 Nc3 23. Bxc7 Nxd1 24. fxe7 Re8 25. Raxd1 Ne6 26. Rxe6 1-0

[Event "Let's Play Chess!"]
[Site "http://www.queenalice.com/game.php?id=89872"]
[Date "2006.7.27"]
[Round "-"]
[White "chess99"]
[Black "masterelmeri"]
[Result "0-1"]
[WhiteElo "2010"]
[BlackElo "1944"]

1. Nf3 g6 2. g3 Bg7 3. Bg2 e6 4. O-O Ne7 5. d3 d5 6. Nbd2 c6 7. e4 O-O 8. Qe2
Na6 9. Re1 Nc7 10. h4 f5 11. Nf1 fxe4 12. dxe4 h6 13. c3 a5 14. e5 Nf5 15. Ne3
c5 16. Nxf5 exf5 17. Be3 Ne6 18. Rad1 f4 19. gxf4 Nxf4 20. Bxf4 Rxf4 21. Qe3 Qf8
22. Rxd5 c4 0-1

[Event "Let's Play Chess!"]
[Site "http://www.queenalice.com/game.php?id=89874"]
[Date "2006.7.27"]
[Round "-"]
[White "masterelmeri"]
[Black "chess99"]
[Result "1-0"]
[WhiteElo "1924"]
[BlackElo "2030"]

1. d4 Nf6 2. c4 e6 3. Nc3 Bb4 4. e3 b6 5. Bd3 Bb7 6. f3 d5 7. cxd5 exd5 8. Ne2
O-O 9. O-O c5 10. Ng3 Ba6 11. Bxa6 Nxa6 12. Nce2 c4 13. a3 Bd6 14. e4 Bxg3 15.
Nxg3 Nc7 16. e5 Nfe8 17. f4 f5 18. Bd2 a5 19. Qc2 g6 20. b3 Ne6 21. Be3 Rc8 22.
Rac1 1-0

[Event "Let's Play Chess!"]
[Site "http://www.queenalice.com/game.php?id=93519"]
[Date "2006.8.7"]
[Round "-"]
[White "Msid"]
[Black "masterelmeri"]
[Result "1-0"]
[WhiteElo "2050"]
[BlackElo "1924"]

1. e4 Nf6 2. Nc3 d5 3. e5 d4 4. exf6 dxc3 5. bxc3 exf6 6. Nf3 Bg4 7. Be2 c5 8.
O-O Bd6 9. d4 Nd7 10. Ba3 Qc7 11. h3 Bh5 12. dxc5 Bxc5 13. Bxc5 Qxc5 14. Rb1
O-O-O 15. Nd4 Bxe2 16. Qxe2 Ne5 17. Rb3 Nc4 18. Rb5 Qc7 19. Rfb1 b6 20. R5b4 Nd6
21. Nb5 Nxb5 22. Rc4 Qxc4 23. Qxc4+ Nc7 24. Qxf7 Rd7 25. Qb3 Rhd8 26. a4 Rd5 27.
c4 Rc5 28. Qf3 Rxc4 29. Qf5+ Kb8 30. a5 Rd5 31. Qxh7 Rxa5 32. Qg8+ Kb7 33. Qxc4
1-0

[Event "Let's Play Chess!"]
[Site "http://www.queenalice.com/game.php?id=93520"]
[Date "2006.8.7"]
[Round "-"]
[White "masterelmeri"]
[Black "Msid"]
[Result "0-1"]
[WhiteElo "1924"]
[BlackElo "1953"]

1. d4 e6 2. e4 d5 3. e5 c5 4. Qg4 Nc6 5. Nf3 Qb6 6. h4 cxd4 7. Bd3 h6 8. O-O
Nge7 9. Re1 Bd7 10. a3 O-O-O 11. Nbd2 f6 12. b4 Nxe5 13. Nxe5 fxe5 14. Rxe5 Nc6
15. Re1 e5 16. Bf5 Bxf5 17. Qxf5+ Kb8 18. Bb2 Bd6 19. Nb3 Rhf8 20. Qg4 d3 21.
Rf1 dxc2 0-1